Top 100 EU Fortnite Players Of All Time - Statistics

General Stats
  • This quiz has been taken 895 times
    197 since last reset
  • The average score is 23 of 100
Answer Stats
Rank Nationality Player % Correct
5 Norway MrSavage
85%
2 Poland Kami
78%
44 UK Mongraal
77%
8 Poland Setty
75%
11 Russia/Serbia Malibuca
69%
26 UK Veno
69%
23 Latvia Merstach
65%
6 Serbia Queasy
65%
27 Austria Vico
65%
7 Germany Rezon
63%
3 Slovenia Tayson
63%
12 Germany Vadeal
58%
33 Germany Flickzy
54%
87 Russia Swizzy
53%
41 Austria Aqua
45%
1 Denmark Th0masHD
44%
4 Germany JannisZ
41%
47 Sweden Pixie
41%
75 Denmark Fredoxie
40%
15 Switzerland Noahreyli
38%
10 Norway iDrop
37%
29 Denmark PabloWingu
37%
74 Denmark MariusCOW
36%
46 Ukraine Vanyak
36%
22 UK Pinq
35%
9 France Andilex
33%
49 Sweden Wox
33%
43 Bosnia/Serbia Chico
31%
24 Serbia Trulex
31%
30 France Podasai
30%
17 Sweden Chapix
27%
25 Denmark Anas
26%
81 Poland Mikson
26%
18 UK Hen
23%
60 France Nayte
23%
63 Poland Blacha
22%
50 Ukraine Ping
22%
13 France xsweeze
22%
34 UK Nebs
20%
21 France Snayzy
20%
55 Poland Charyy
18%
19 Germany Fastroki
16%
16 Denmark Refsgaard
16%
71 Slovenia Teeny
15%
14 France Clement
14%
97 UK Czb
14%
28 France Floki
14%
56 Netherlands Kiro
14%
91 Poland Kombek
14%
57 Russia Kiryache
13%
35 Russia Toose
13%
53 Sweden bevvys
12%
68 Poland G13ras
12%
66 Czech Republic Huty
12%
92 UK Nathan
12%
38 Austria Stompy
12%
65 Italy Belusi
11%
31 France Decyptos
11%
48 Germany Hijoe
11%
67 Ukraine stormyrite
11%
78 Germany Volko
11%
88 France Artskill
10%
36 Sweden Mappi
10%
58 Poland Packo
10%
45 Russia Putrick
10%
64 Sweden Robban
10%
99 Serbia Skvii
10%
20 Denmark trippernn
10%
90 Romania zAndy
10%
76 Sweden Axeforce
9%
100 Russia Wheat
9%
86 Germany Cheatiin
8%
85 Germany Juu
8%
82 Germany Kiduoo
8%
51 Germany Kylie
8%
70 Sweden Fnajen
7%
42 Denmark Hellfire
7%
59 Russia NeFrizi
7%
52 Germany Vortex
7%
40 France BadSniper
6%
37 Russia Lusha
6%
32 Netherlands Merijn
6%
72 UK Adn
5%
73 France DKS
5%
77 UK Hardfind
5%
39 Denmark Skram
5%
96 Denmark Swag
5%
95 UK Kayd
4%
79 UK AstroSMZ
3%
89 Germany Fray
3%
54 Russia Fury
3%
80 Estonia Karmy
3%
84 Sweden Klown
3%
93 UK Michael
3%
69 France Shaykoz
3%
98 Switzerland Slovay
3%
94 UK Vortexers
3%
83 France Voxe
3%
62 Russia Firehunter
2%
61 Russia iRezUmi
2%
No matching quizzes found
Score Distribution
Percent of People with Each Score
Percentile by Number Answered
Your Score History
You have not taken this quiz since the last reset